Quiz matematyka podstawy - Statystyki

Ogólne statystyki
  • Ten quiz został rozwiązany 459 razy
  • Średni wynik to 9 z 30
Statystyki odpowiedzi
Zagadnienie Odpowiedź % Poprawnych
Liczby, które da się przedstawić w postaci ułamka to liczby: wymierne
95%
Cenę pewnego towaru obniżono 10%, a następnie podwyższono o 10%. Więc: Cena towaru będzie mniejsza po zmianach
76%
Różnica dwóch liczb niewymiernych może być Wszystkie odpowiedzi są prawidłowe
62%
Wskaż wzór na równanie kierunkowe prostej y=ax+b
48%
Liczby niewymierne to liczby Obie odpowiedzi są prawidłowe
43%
Wykresem funkcji kwadratowej jest: parabola
43%
wartość wyrażenia I5-I33III jest Odpowiedzi 1 i 3 są prawidłowe
38%
Ile jest liczb naturalnych w przedziale <2, 369/20) 17
33%
liczba 55 x 10^8 zapisana w notacji wykładniczej to: 5,5 x 10^9
33%
Rozwiązaniem nierówności 2(x-3)+4x>x-1 jest liczba Liczba należąca do przedziału (1; nieskończoność)
33%
Rozwiązaniem równania 3(x-1)+x=2 jest liczba Odpowiedzi 2 i 3 są prawidłowe
33%
Ciąg An=2n jest ciągiem: arytmetycznym rosnącym
29%
Sposobem opisu funkcji NIE jest diagram
29%
Sinus pewnego kąta wynosi 2. Czy taki kąt istnieje? Wybierz poprawne stwierdzenie Nie, gdyż wartości funkcji sinus należą do przedziału <-1, 1>
29%
Długość okręgu o średnicy 4 wynosi: ( przyjmij, że pi=3,14) 12,56
24%
Wskaż wzór na deltę w równaniu: bx^2+ax+c=0, jeśli b nie jest równe 0. a^2-4bc
24%
Interpretacją geometryczną układu równań oznaczonych jest rysunek z dwiema prostymi w układzie współrzędnych przecinających się
24%
Postać wykresu funkcjikwadratowej dana wzorem a(x-p)^2 + q jest przesunięciem paraboli y=ax^2 o wektor w=[p,q]
24%
Liczba a^2 + 3ab + b^2 dla a,b>0 jest: dodatnia
19%
Interpretacją jakiej proporcjonalności jest hiperbola? Odwrotnej
19%
Trójkąt prostokątny o jednej z przyprostokątnych 6 i przeciwprostokątnej 10 ma pole i obwód równy odpowiednio ( P i O to odpowiednio Pole i Obwód ) P=O=24
19%
Dane są proste y=2x-1 i y=-0.5x + 12. Są one: prostopadłe
19%
Po wymnożeniu (x+y)(2x-2y) otrzymamy Wszystkie odpowiedzi są prawidłowe
19%
Zapis f(-x) oznacza: Symetrię wykresu funkcji f(x) względem osi OY
14%
Pewien nauczyciel matematyki zadał uczniom zadanie by obliczyć sumę liczb całkowitych od 1 do 100. Liczył, że zajmie to uczniom całą lekcję, lecz jednak jeden uczeń po chwili podał już odpowiedź. kto to był? Carl Friedrich Gauss
10%
Wykresem funkcji y=a/x jest: Hiperbola o dziedzinie w liczbach rzeczywistych
10%
Wskaż zdanie prawdziwe każdy ciąg jest funkcją
10%
Wskaż zdanie prawdziwe Trójkąty przystające są podobne
10%
Średnia arytmetyczna liczb całkowitych od 1 do 10 wynosi: 10
5%
Objętość sześcianu o boku 2 wynosi Sześcian nie ma boków
5%
Nie znaleziono quizów pasujących do podanych kryteriów
Rozkład punktacji
Procent ludzi z każdym wynikiem
Percentyl według liczby udzielonych odpowiedzi
Twoja historia wyników
Nie rozwiązałeś tego quizu